[Event "AUTO-OPEN-3328"]
[Site "http://www.queenalice.com/game.php?id=1308337"]
[Date "2014.9.15"]
[Round "1"]
[White "Smokecraft"]
[Black "betofortaleza"]
[Result "1-0"]
[WhiteElo "1752"]
[BlackElo "1868"]

1. e4 e5 2. Nf3 Nc6 3. Bb5 Qf6 4. c3 a6 5. Ba4 b5 6. Bb3 d6 7. d4 exd4 8. cxd4
Bg4 9. Bd5 Nge7 10. Bg5 Qxg5 11. Bxf7+ Kd8 12. Nxg5 Bxd1 13. Ne6+ Kd7 14. Kxd1
Nd8 15. Nxd8 Rxd8 16. a4 b4 17. Nd2 Ng6 18. Bc4 a5 19. Kc2 c5 20. dxc5 dxc5 21.
Bb5+ Ke6 22. g3 Bd6 23. f4 Ne7 24. Nc4 Bc7 25. Rad1 g6 26. h4 h5 27. Ne3 Bb6 28.
Bc4+ Kf6 29. Rxd8 Rxd8 30. b3 Nc6 31. Nd5+ Ke6 32. Nxb6+ Kf6 33. Nd5+ Kg7 34.
Rd1 Nd4+ 35. Rxd4 cxd4 36. Kd3 1-0

[Event "AUTO-OPEN-3328"]
[Site "http://www.queenalice.com/game.php?id=1308338"]
[Date "2014.9.15"]
[Round "1"]
[White "betofortaleza"]
[Black "Smokecraft"]
[Result "0-1"]
[WhiteElo "1890"]
[BlackElo "1617"]

1. e4 c5 2. Bc4 Nc6 3. Qf3 e6 4. d3 Nf6 5. Bg5 Nd4 6. Qd1 Be7 7. Nf3 d5 8. exd5
exd5 9. Bxf6 Bxf6 10. Nxd4 dxc4 11. Qe2+ Qe7 12. Qxe7+ Kxe7 13. Nc3 Bxd4 14. O-O
Bxc3 15. bxc3 Be6 16. Rab1 b6 17. d4 Rac8 18. Rfe1 Rhd8 19. Rbd1 Rd5 20. Re5
Rxe5 21. dxe5 Rd8 22. Re1 Rd2 0-1

[Event "OS INCLIVEIS"]
[Site "http://www.queenalice.com/game.php?id=1309607"]
[Date "2014.9.21"]
[Round "-"]
[White "adelio"]
[Black "Smokecraft"]
[Result "0-1"]
[WhiteElo "1794"]
[BlackElo "2063"]

1. d4 Nf6 2. c4 g6 3. Nc3 d5 4. a3 Bg7 5. Ra2 O-O 6. e4 dxe4 7. Be2 c5 8. Be3
cxd4 9. Bxd4 Bf5 10. f3 exf3 11. Nxf3 Nc6 12. Bxf6 Bxf6 13. Nd5 Bg7 14. h4 e6
15. Ne3 Qxd1+ 16. Bxd1 Bb1 17. Bb3 Bxa2 18. Bxa2 Bxb2 19. O-O Bxa3 20. Bb1 Bc5
21. Re1 Rfd8 22. Kh1 Bxe3 23. Rxe3 Rd1+ 24. Re1 Rad8 25. Bc2 Rxe1+ 26. Nxe1 Ne5
27. Kh2 Rd4 28. Nf3 Nxf3+ 29. gxf3 Rd2+ 30. Kg3 Rxc2 31. f4 f5 32. c5 Rc3+ 33.
Kg2 a5 34. c6 bxc6 35. Kf2 a4 36. Ke2 a3 37. Kd2 Rc5 38. Kd1 a2 39. Kd2 a1=Q 40.
h5 Qc3+ 41. Ke2 Ra5 42. hxg6 Ra2+ 43. Kf1 Qa1# 0-1

[Event "AUTO-OPEN-3332"]
[Site "http://www.queenalice.com/game.php?id=1309641"]
[Date "2014.9.22"]
[Round "1"]
[White "maurice91"]
[Black "Smokecraft"]
[Result "0-1"]
[WhiteElo "1899"]
[BlackElo "2008"]

1. d4 Nf6 2. Nf3 g6 3. g3 Bg7 4. Bg2 O-O 5. c3 d6 6. O-O Nbd7 7. Re1 e5 8. dxe5
dxe5 9. e4 Qe7 10. Na3 Rd8 11. Qb3 Nc5 12. Qc2 Nfd7 13. b4 Ne6 14. Nd2 a5 15.
Nb5 c6 16. Na3 axb4 17. cxb4 Qxb4 18. Qb3 Qe7 19. Bb2 Ndc5 20. Qb4 Ra4 21. Qb3
Nxb3 22. axb3 Rxd2 23. Rab1 Rxa3 24. Bxa3 Qxa3 25. b4 Qa7 26. Rf1 Ng5 0-1

[Event "AUTO-OPEN-3332"]
[Site "http://www.queenalice.com/game.php?id=1309642"]
[Date "2014.9.22"]
[Round "1"]
[White "Smokecraft"]
[Black "maurice91"]
[Result "1-0"]
[WhiteElo "2045"]
[BlackElo "1862"]

1. e4 c6 2. d4 d5 3. e5 Bf5 4. Nc3 e6 5. g4 Bg6 6. Nge2 c5 7. h4 h5 8. Nf4 hxg4
9. Nxg6 fxg6 10. Qxg4 Qd7 11. Nb5 c4 12. Qxg6+ Kd8 13. Bg5+ Ne7 14. Nd6 Kc7 15.
Qf7 Nbc6 16. c3 Nd8 17. Qf3 a6 18. b4 g6 19. a4 Nf5 20. Nxf5 gxf5 21. Qg2 Nf7
22. f4 Nxg5 23. hxg5 Bg7 24. Rxh8 Rxh8 25. Ra2 Bf8 26. Be2 Rg8 27. Bd1 Bh6 28.
Qg3 Qf7 29. Rh2 Bf8 30. Qf3 Be7 31. Qh1 Kd7 32. Rh6 Bxg5 33. fxg5 Rxg5 34. Rh7
Rg7 35. Rxg7 Qxg7 36. Qh2 Kc7 37. Kf2 b6 38. Qh4 Kd7 39. Bh5 Kc7 40. Qf6 Qg8 41.
Qf7+ Qxf7 42. Bxf7 Kd7 43. Kg3 Ke7 44. Bh5 Kf8 45. Kf4 Ke7 46. Kg5 Kd7 47. Kf6
a5 48. b5 f4 49. Bf3 1-0

[Event "AUTO-OPEN-3332"]
[Site "http://www.queenalice.com/game.php?id=1309663"]
[Date "2014.9.22"]
[Round "1"]
[White "miltonlovisk"]
[Black "Smokecraft"]
[Result "0-1"]
[WhiteElo "1817"]
[BlackElo "2115"]

1. e4 c5 2. d4 cxd4 3. Qxd4 Nc6 4. Qc3 Nf6 5. f3 e6 6. a3 d5 7. Bg5 dxe4 8. Bxf6
Qxf6 9. fxe4 Bd6 10. Qxf6 gxf6 11. Bb5 Bd7 12. Ne2 a6 13. Bd3 Rg8 14. O-O Ke7
15. Nbc3 Ne5 16. Nd4 Bc5 17. Ne2 Nxd3 18. cxd3 e5 19. b4 Bxd4+ 20. Nxd4 exd4 21.
Rac1 Rac8 22. Rc4 Rxc4 23. dxc4 Bc6 0-1

[Event "AUTO-OPEN-3332"]
[Site "http://www.queenalice.com/game.php?id=1309664"]
[Date "2014.9.22"]
[Round "1"]
[White "Smokecraft"]
[Black "miltonlovisk"]
[Result "1-0"]
[WhiteElo "2111"]
[BlackElo "1791"]

1. e4 e5 2. Nf3 Nc6 3. Bb5 Nd4 4. Nxd4 exd4 5. O-O a5 6. Re1 c6 7. Bc4 Bd6 8.
Qg4 Bf8 9. Qg3 h6 10. c3 dxc3 11. bxc3 Nf6 12. d4 b5 13. Bd3 Rg8 14. e5 Nd5 15.
Bxh6 Qc7 16. Bd2 g6 17. a4 Bb7 18. axb5 c5 19. Na3 O-O-O 20. Nc4 cxd4 21. cxd4
Kb8 22. Bxa5 1-0

[Event "AUTO-OPEN-3332"]
[Site "http://www.queenalice.com/game.php?id=1309677"]
[Date "2014.9.22"]
[Round "1"]
[White "Smokecraft"]
[Black "yclaudiu35"]
[Result "0-1"]
[WhiteElo "2106"]
[BlackElo "1854"]

1. e4 e5 2. Nf3 Nc6 3. Bb5 Qf6 4. c3 Bc5 5. d4 exd4 6. e5 Nxe5 7. Qe2 c6 8. Bd3
dxc3 9. Nxe5 cxb2 10. Bxb2 Ne7 11. O-O Qe6 12. Qc2 Bb6 13. Nd2 d5 14. Rae1 Qh6
15. Ba3 Bc7 16. Bxe7 Be6 17. Ba3 O-O-O 18. Bf5 Bxf5 19. Qxf5+ Kb8 20. Ndf3 Qe6
21. Qxe6 fxe6 22. Nf7 Rhe8 23. Nxd8 Bxd8 24. Bd6+ Kc8 25. Nd4 Kd7 26. Bg3 Bf6
27. Be5 c5 28. Bxf6 gxf6 29. Nxe6 Rxe6 30. Rxe6 Kxe6 31. Re1+ Kd6 32. Kf1 a5 33.
a4 c4 34. Ke2 Kc5 35. Rb1 b6 36. Kd2 d4 0-1

[Event "AUTO-OPEN-3332"]
[Site "http://www.queenalice.com/game.php?id=1309678"]
[Date "2014.9.22"]
[Round "1"]
[White "yclaudiu35"]
[Black "Smokecraft"]
[Result "1-0"]
[WhiteElo "1880"]
[BlackElo "2079"]

1. e4 c5 2. a3 Nc6 3. Nf3 g6 4. d4 cxd4 5. Nxd4 Bg7 6. Nxc6 bxc6 7. Bc4 Nf6 8.
Qf3 O-O 9. c3 d6 10. h3 Nd7 11. g4 Ne5 12. Qe2 a5 13. Ba2 Ba6 14. Qe3 Nd3+ 15.
Kd1 Be5 16. Nd2 Bf4 17. Qf3 e5 18. c4 Nxc1 19. Rxc1 Rb8 20. Rc2 Qb6 21. b3 Qd4
22. Ke2 d5 23. Qd3 Qxd3+ 24. Kxd3 Rfd8 25. Kc3 Bxd2+ 26. Rxd2 d4+ 27. Kc2 c5 28.
a4 Bb7 29. f3 f5 30. gxf5 gxf5 31. Rg1+ Kf7 32. Kd3 Rg8 33. Rdg2 Rg6 34. Rxg6
hxg6 35. Rg3 1-0

[Event "AUTO-OPEN-3333"]
[Site "http://www.queenalice.com/game.php?id=1309805"]
[Date "2014.9.22"]
[Round "1"]
[White "MarTraM"]
[Black "Smokecraft"]
[Result "1-0"]
[WhiteElo "2460"]
[BlackElo "2055"]

1. d4 Nf6 2. c4 g6 3. Nc3 d5 4. cxd5 Nxd5 5. e4 Nxc3 6. bxc3 c5 7. Nf3 Bg7 8.
Bc4 O-O 9. O-O Bg4 10. h3 Bxf3 11. Qxf3 cxd4 12. Rd1 Qc7 13. Bd5 e6 14. Bf4 Qc8
15. Bb3 dxc3 16. Rac1 Nc6 17. Bd6 Rd8 18. Qe3 b5 19. e5 b4 20. a3 a5 21. Bc2 Qb7
22. Be4 Rac8 23. axb4 axb4 24. Ra1 Bf8 25. Rab1 Qa6 26. Bc2 Rd7 27. Ra1 Qc4 28.
Qb6 Bxd6 29. exd6 Rb8 30. Qa6 Qc5 31. Ba4 Rxd6 32. Rxd6 Qxd6 33. Bb3 Qc5 34. Qa2
Nd4 35. Kh2 Nxb3 36. Qxb3 Qxf2 37. Qc4 c2 38. Qc7 Rb5 39. Qc4 1-0

[Event "AUTO-OPEN-3333"]
[Site "http://www.queenalice.com/game.php?id=1309806"]
[Date "2014.9.22"]
[Round "1"]
[White "Smokecraft"]
[Black "MarTraM"]
[Result "0-1"]
[WhiteElo "2108"]
[BlackElo "2456"]

1. e4 e5 2. Nf3 Nc6 3. Bb5 Nge7 4. O-O g6 5. Re1 Bg7 6. c3 O-O 7. d4 exd4 8.
cxd4 d5 9. Bxc6 Nxc6 10. Bg5 f6 11. exd5 Qxd5 12. Nc3 Qc4 13. Be3 Rf7 14. Rc1
Nb4 15. Nd2 Qa6 16. Nde4 Nxa2 17. Nxa2 Qxa2 18. b3 Qa5 19. d5 Bf5 20. Nc5 c6 21.
dxc6 bxc6 22. Qf3 Qb5 23. g4 Bc8 24. Red1 f5 25. Rd8+ Rf8 26. Rxf8+ Bxf8 27. Bd4
a5 28. Qe3 Qb8 29. Ne6 c5 30. Bb2 Qb4 31. Rc4 Qb6 0-1

[Event "AUTO-OPEN-3333"]
[Site "http://www.queenalice.com/game.php?id=1309827"]
[Date "2014.9.22"]
[Round "1"]
[White "Aspayne"]
[Black "Smokecraft"]
[Result "0-1"]
[WhiteElo "2017"]
[BlackElo "1921"]

1. e4 c5 2. Nc3 Nc6 3. g3 g6 4. Bg2 Bg7 5. Nge2 e6 6. O-O Nge7 7. d3 O-O 8. f4
d6 9. Be3 Nd4 10. Qd2 Rb8 11. a4 b6 12. Rf2 Bb7 13. Raf1 Qd7 14. Bh3 f5 15. g4
a6 16. Ng3 b5 17. axb5 axb5 18. exf5 exf5 19. gxf5 Nexf5 20. Nce4 Rbe8 21. b4
Qe7 22. Re1 Nh4 0-1

[Event "AUTO-OPEN-3333"]
[Site "http://www.queenalice.com/game.php?id=1309828"]
[Date "2014.9.22"]
[Round "1"]
[White "Smokecraft"]
[Black "Aspayne"]
[Result "1-0"]
[WhiteElo "1838"]
[BlackElo "2020"]

1. e4 c6 2. d4 d5 3. e5 c5 4. Nf3 cxd4 5. Qxd4 e6 6. a3 Nc6 7. Qf4 h6 8. h4 Nge7
9. Bd3 Qb6 10. O-O Nf5 11. Nc3 Be7 12. Bxf5 exf5 13. Nxd5 Qd8 14. Rd1 1-0

[Event "AUTO-OPEN-3333"]
[Site "http://www.queenalice.com/game.php?id=1309839"]
[Date "2014.9.22"]
[Round "1"]
[White "carpielo"]
[Black "Smokecraft"]
[Result "0-1"]
[WhiteElo "1772"]
[BlackElo "2073"]

1. e4 c5 2. e5 Nc6 3. f4 g6 4. d3 Bg7 5. c3 d6 6. d4 cxd4 7. cxd4 dxe5 8. dxe5
Qxd1+ 9. Kxd1 Nh6 10. Bb5 Bg4+ 11. Nf3 O-O-O+ 12. Bd2 Bxf3+ 13. gxf3 Nd4 14. Be2
Nhf5 15. Nc3 Kb8 16. Rc1 Bh6 17. Ke1 Nxe2 18. Nxe2 Rd3 19. Kf2 Rxd2 20. Rhd1
Rhd8 21. Ke1 Rxd1+ 22. Rxd1 Rxd1+ 23. Kxd1 Ne3+ 24. Kd2 Nd5 0-1

[Event "AUTO-MASTER-2167"]
[Site "http://www.queenalice.com/game.php?id=1312512"]
[Date "2014.10.4"]
[Round "1"]
[White "Smokecraft"]
[Black "janeil"]
[Result "0-1"]
[WhiteElo "2114"]
[BlackElo "2385"]

1. e4 c5 2. Nf3 Nc6 3. d4 cxd4 4. Nxd4 g6 5. c4 d6 6. Nc3 Nf6 7. Be2 Nxd4 8.
Qxd4 Bg7 9. Bg5 O-O 10. Qd2 Be6 11. Rc1 Qa5 12. f3 Rfe8 13. b3 Rac8 14. Nd5
Qxd2+ 15. Kxd2 h6 16. Nxf6+ exf6 17. Bf4 g5 18. Be3 f5 19. h4 f4 20. Bf2 f5 21.
hxg5 hxg5 22. Bd3 fxe4 23. fxe4 Bg4 0-1

[Event "AUTO-MASTER-2167"]
[Site "http://www.queenalice.com/game.php?id=1312513"]
[Date "2014.10.4"]
[Round "1"]
[White "janeil"]
[Black "Smokecraft"]
[Result "1-0"]
[WhiteElo "2381"]
[BlackElo "2120"]

1. d4 Nf6 2. c4 g6 3. Nc3 d5 4. Nf3 Bg7 5. cxd5 Nxd5 6. e4 Nxc3 7. bxc3 c5 8.
Rb1 O-O 9. Be2 cxd4 10. cxd4 Qa5+ 11. Qd2 Qxd2+ 12. Bxd2 b6 13. d5 Na6 14. Bg5
f6 15. Be3 f5 16. e5 f4 17. Bd4 Bf5 18. Rc1 Nb4 19. a4 Nd3+ 20. Bxd3 Bxd3 21.
Rc7 Rfc8 22. Rxe7 Bf8 23. Rd7 1-0

[Event "AUTO-MASTER-2167"]
[Site "http://www.queenalice.com/game.php?id=1312514"]
[Date "2014.10.4"]
[Round "1"]
[White "Smokecraft"]
[Black "Alexandrovinsk"]
[Result "0-1"]
[WhiteElo "2053"]
[BlackElo "2125"]

1. e4 d6 2. d4 Nf6 3. Nc3 c6 4. Nf3 b5 5. Bd3 Nbd7 6. e5 dxe5 7. dxe5 Ng8 8. e6
fxe6 9. Ng5 Ndf6 10. Nf7 Qc7 11. Nxh8 a6 12. Bxh7 Nxh7 13. Qh5+ Kd7 14. Qxh7 Nf6
15. Qd3+ Nd5 16. Ng6 Bb7 17. Bf4 Qb6 18. Bg3 Rd8 19. O-O-O Kc8 0-1

[Event "AUTO-MASTER-2167"]
[Site "http://www.queenalice.com/game.php?id=1312515"]
[Date "2014.10.4"]
[Round "1"]
[White "Alexandrovinsk"]
[Black "Smokecraft"]
[Result "1-0"]
[WhiteElo "2121"]
[BlackElo "2040"]

1. e4 c5 2. g3 Nc6 3. Nf3 g6 4. Bg2 Bg7 5. O-O e6 6. Nc3 Nge7 7. d3 O-O 8. Be3
Nd4 9. Ne2 Nxf3+ 10. Bxf3 b6 11. Bg2 Bxb2 12. Rb1 Bg7 13. f4 Rb8 14. g4 d6 15.
Ng3 f5 16. g5 Qd7 17. h4 Ba6 18. h5 fxe4 19. Bxe4 Nd5 20. Bd2 Bd4+ 21. Kg2 1-0

[Event "AUTO-MASTER-2167"]
[Site "http://www.queenalice.com/game.php?id=1312516"]
[Date "2014.10.4"]
[Round "1"]
[White "Smokecraft"]
[Black "teddy"]
[Result "1-0"]
[WhiteElo "2080"]
[BlackElo "1925"]

1. e4 e5 2. Nf3 d6 3. d4 exd4 4. Nxd4 Nc6 5. Nc3 Be7 6. Be2 Nf6 7. O-O O-O 8.
Be3 a6 9. f4 Kh8 10. Bf3 Re8 11. a4 1-0

[Event "AUTO-MASTER-2167"]
[Site "http://www.queenalice.com/game.php?id=1312517"]
[Date "2014.10.4"]
[Round "1"]
[White "teddy"]
[Black "Smokecraft"]
[Result "0-1"]
[WhiteElo "1929"]
[BlackElo "2097"]

1. e4 c5 2. d3 Nc6 3. Be2 g6 4. f4 Bg7 5. Nf3 e6 6. O-O Nge7 7. c3 d6 8. Na3 Rb8
9. Nc2 O-O 10. h4 b5 11. Nh2 a5 0-1